000
00339nam a2200145Ia 4500
005
20251222153638.0
008
251222s9999||||xx |||||||||||||| ||spa||
020
_a
8470505580
082
_a
222.16/R27
100
_a
Ratzinger, Joseph
245
0
_a
Principios de Moral Cristiana
250
_a
2da. Ed
264
_b
EDICEP
942
_c
LIB
999
_c
32625
_d
32625